Дверь: повести; Войди в этот мир; Дверь; Весенние танцы

Bibliographic Details
Main Author: Бурмакин Э. В. Эдуард Владимирович
Other Authors: Сумарокова В. С. (редактор)
Language:Russian
Published: Томск, Изд-во ТГУ, 1998
TOC:Войди в этот мир;
Дверь;
Весенние танцы;
Subjects:
Format: Book
KOHA link:https://koha.lib.tpu.ru/cgi-bin/koha/opac-detail.pl?biblionumber=27288

MARC

LEADER 00000nam0a2200000 4500
001 27288
005 20231030202120.0
010 |a 5751109651 
035 |a (RuTPU)RU\TPU\book\27537 
035 |a BOOK00000022 
090 |a 27288 
100 |a 20011209d1998 m y0rusy50 ca 
101 0 |a rus 
102 |a RU 
105 |a c z 000ay 
200 1 |a Дверь  |e повести  |f Э. В. Бурмакин  |g под ред. В. С. Сумароковой 
210 |a Томск  |c Изд-во ТГУ  |d 1998 
215 |a 286 с.  |c портр. 
318 |5 63413507  |a "Томск - любовь моя и судьба" - творчество писателей-томичей  |b выставка 
464 |t Войди в этот мир 
464 |t Дверь 
464 |t Весенние танцы 
610 1 |a повести 
610 1 |a советская литература 
610 1 |a проза 
675 |a Р2  |v 3 
700 1 |a Бурмакин  |b Э. В.  |g Эдуард Владимирович 
702 1 |a Сумарокова  |b В. С.  |4 340 
801 0 |a RU  |b 63413507  |c 20011209  |g PSBO 
801 2 |a RU  |b 63413507  |c 20071101  |g PSBO 
942 |c BK